[Event "36th World Junior Girls"]
[Site "Manavgat TUR"]
[Date "2018.09.07"]
[Round "4.38"]
[White "Nastase, Andreea-Cristina"]
[Black "Sade, Defne"]
[Result "1-0"]
[BlackTitle "WCM"]
[WhiteElo "1983"]
[BlackElo "1826"]
[WhiteFideId "1221183"]
[BlackFideId "6371884"]
[EventDate "2018.09.05"]

1. d4 d5 2. c4 c6 3. Nf3 Nf6 4. Nc3 dxc4 5. a4 Bf5 6. Ne5 Qc7 7. Nxc4 Nbd7 8. g3
Nb6 9. Bf4 Qd8 10. Ne3 Bg6 11. Bg2 e6 12. a5 Nbd5 13. Nexd5 exd5 14. a6 b6 15.
Qa4 b5 16. Qb3 Be7 17. O-O O-O 18. Na2 Qb6 19. Nb4 Ne4 20. Rfc1 Rac8 21. e3 Rfd8
22. Nd3 b4 23. Ne5 c5 24. Nxg6 hxg6 25. Bxe4 dxe4 26. dxc5 Bxc5 27. Rc2 Be7 28.
Rxc8 Rxc8 29. Qd5 Qc6 30. Qxc6 Rxc6 31. Bb8 Bf6 32. Bxa7 Bxb2 33. Ra4 Be5 34.
Bd4 Bxd4 35. exd4 Rc8 36. Rxb4 Ra8 37. Rb6 Kf8 38. Kf1 g5 39. Ke2 f5 40. Rb5
Rxa6 41. Rxf5+ Kg8 42. Rxg5 Kf7 43. Re5 Kf6 44. Rxe4 Kf5 45. Kf3 Ra3+ 46. Re3
Ra4 47. Rd3 g5 48. d5 g4+ 49. Kg2 Ke4 50. Rd1 Ra7 51. d6 Rd7 52. Re1+ Kf5 53. h3
gxh3+ 54. Kxh3 Rxd6 55. Ra1 Ke4 56. Kg2 Rd4 57. f3+ Ke3 58. Re1+ Kd2 59. Re8 Ra4
60. g4 1-0

[Event "36th World Junior Girls"]
[Site "Manavgat TUR"]
[Date "2018.09.07"]
[Round "4.39"]
[White "Aubert, Laurane"]
[Black "Can, Isil"]
[Result "1/2-1/2"]
[BlackTitle "WCM"]
[WhiteElo "1970"]
[BlackElo "1798"]
[WhiteFideId "20690371"]
[BlackFideId "34505733"]
[EventDate "2018.09.05"]

1. e4 e5 2. Nf3 Nc6 3. d4 exd4 4. Nxd4 Bc5 5. Nb3 Bb6 6. Nc3 Nf6 7. Qe2 d6 8.
Be3 Bxe3 9. Qxe3 a5 10. a4 Be6 11. Nd4 Nxd4 12. Qxd4 O-O 13. f3 Nd7 14. h4 Qe7
15. g4 Ne5 16. Qf2 d5 17. Qg3 Nc4 18. Bxc4 dxc4 19. O-O-O b5 20. Nxb5 Qb4 21. f4
Qxa4 22. Na3 c3 23. Qxc3 Bxg4 24. Rd4 Qe8 25. h5 Qe6 26. h6 Qf6 27. e5 Qe6 28.
Rg1 g6 29. Rc4 Rfd8 30. Nb5 Be2 31. Rc6 Qd7 32. Nd6 cxd6 33. exd6 f6 34. Qxf6
Qf7 35. Qe5 Re8 36. Qd4 Rad8 37. f5 Bh5 38. Rc7 Rd7 39. fxg6 Bxg6 40. Rxd7 Qxd7
41. Qd5+ Qf7 42. Qd4 Rd8 43. b3 Qf8 44. Qd5+ Qf7 45. Qe5 Qf8 46. Qe6+ Qf7 47.
Qe5 Qf8 48. Qd5+ Qf7 49. Qd4 1/2-1/2

[Event "36th World Junior Girls"]
[Site "Manavgat TUR"]
[Date "2018.09.07"]
[Round "4.42"]
[White "Kocyigit, Buse Naz"]
[Black "Incecik, Seyma Zeynep"]
[Result "1-0"]
[WhiteElo "1944"]
[BlackElo "1716"]
[WhiteFideId "6380840"]
[BlackFideId "6374948"]
[EventDate "2018.09.05"]

1. d4 d6 2. Nf3 g6 3. c4 Bg7 4. e4 Nf6 5. Nc3 O-O 6. h3 Nc6 7. Be3 Nd7 8. g4 e5
9. d5 Ne7 10. Nd2 a5 11. Be2 Kh8 12. Qc2 b6 13. O-O-O Nc5 14. h4 Bd7 15. h5 Kg8
16. g5 a4 17. a3 Qc8 18. Rdg1 c6 19. Bxc5 bxc5 20. Qd3 f5 21. gxf6 Rxf6 22. Qg3
Qf8 23. Nf3 h6 24. hxg6 Rxg6 25. Qh4 Qf4+ 26. Qxf4 exf4 27. Rxg6 Nxg6 28. Rd1
Rd8 29. dxc6 Bxc6 30. Nb5 Bf8 31. Nd2 Ne5 32. f3 Be7 33. Nb1 Nf7 34. N1c3 Ra8
35. Rg1+ Ng5 36. Nc7 Rf8 37. Ne6 Rf7 38. Bd1 Kh7 39. Nxg5+ Bxg5 40. Bxa4 Bxa4
41. Nxa4 Bf6 42. Kc2 h5 43. b4 cxb4 44. axb4 Ra7 45. Kb3 h4 46. b5 Rg7 47. Rh1
Rg3 48. b6 Rxf3+ 49. Kb4 Rg3 50. b7 Rg8 51. Kb5 Kh6 52. Nb6 f3 53. Nc8 f2 54.
Rf1 Bd4 55. b8=Q Rg1 56. Qxd6+ Kh5 57. Ne7 Kg4 58. Qg6+ Kh3 59. Qf5+ Kg2 60.
Rxf2+ Bxf2 61. Ng6 Rb1+ 62. Ka4 Ra1+ 63. Kb3 Bg3 64. Qg4 Rb1+ 65. Kc2 Rh1 66.
Nf4+ Kf2 67. Qe2+ Kg1 68. Qg2# 1-0

[Event "36th World Junior Girls"]
[Site "Manavgat TUR"]
[Date "2018.09.07"]
[Round "4.46"]
[White "Nemcova, Karin"]
[Black "Tian, Shi Yuan"]
[Result "1/2-1/2"]
[WhiteElo "1990"]
[BlackElo "1923"]
[WhiteFideId "360821"]
[BlackFideId "2623960"]
[EventDate "2018.09.05"]

1. e4 e6 2. d4 d5 3. Nd2 Nf6 4. e5 Nfd7 5. Bd3 c5 6. c3 Nc6 7. Ne2 cxd4 8. cxd4
f6 9. exf6 Nxf6 10. O-O Bd6 11. Nf3 Qc7 12. h3 O-O 13. Be3 Bd7 14. Re1 Rae8 15.
Rc1 Qb8 16. Nc3 a6 17. Na4 e5 18. dxe5 Nxe5 19. Nxe5 Rxe5 20. Nc5 Rfe8 21. Nxd7
Nxd7 22. Qd2 Qd8 23. Bd4 R5e7 24. Rxe7 Qxe7 25. Qe3 Qf7 26. Qf3 Qxf3 27. gxf3
Be5 28. Bc3 g6 29. Kg2 Kf7 30. Bxe5 Nxe5 31. Rc7+ Re7 32. Rxe7+ Kxe7 33. Bb1 Ke6
34. f4 Nc4 35. b3 Nd6 36. Kf3 Nb5 37. Bd3 Nd4+ 38. Ke3 Nc6 39. a3 Na5 40. Bc2
Nc6 41. Bd3 Ne7 42. Kd4 Kd6 43. Kc3 Kc5 44. b4+ Kd6 45. a4 Nc6 46. f5 gxf5 47.
Bxf5 h6 48. f4 b6 49. Bd3 a5 50. b5 Nd8 51. Kd4 Ne6+ 52. Ke3 Ng7 53. Bc2 Nh5 54.
Bd3 Ng7 55. Bg6 Kc5 56. f5 Kc4 57. f6 Ne6 58. Bf5 Nf8 59. Bc2 Kc3 60. Bd1 Ne6
61. f7 d4+ 62. Ke2 Nf8 63. h4 Ng6 64. h5 Nf8 65. Ke1 1/2-1/2

[Event "36th World Junior Girls"]
[Site "Manavgat TUR"]
[Date "2018.09.08"]
[Round "5.1"]
[White "Sliwicka, Alicja"]
[Black "Khomeriki, Nino"]
[Result "0-1"]
[WhiteTitle "WFM"]
[BlackTitle "WIM"]
[WhiteElo "2272"]
[BlackElo "2313"]
[WhiteFideId "1150677"]
[BlackFideId "13603191"]
[EventDate "2018.09.05"]

1. e4 e5 2. Nf3 Nc6 3. Bc4 Nf6 4. d3 Be7 5. O-O O-O 6. Re1 d6 7. a4 Kh8 8. a5 a6
9. Nc3 h6 10. h3 Nh7 11. Nd5 f5 12. c3 f4 13. d4 Ng5 14. Nh2 Bd7 15. b4 Be8 16.
Bb3 Bg6 17. Bc2 Bf7 18. Ba3 f3 19. h4 Nh7 20. Nxe7 Qxe7 21. dxe5 Bh5 22. exd6
Qxh4 23. Re3 fxg2 24. Qe1 Ng5 25. Kxg2 Bf3+ 26. Rxf3 Nxf3 27. Nxf3 Qg4+ 28. Kf1
Qh3+ 29. Kg1 Rxf3 30. e5 Rf4 31. Bd1 Rh4 0-1

[Event "36th World Junior Girls"]
[Site "Manavgat TUR"]
[Date "2018.09.08"]
[Round "5.2"]
[White "Maltsevskaya, Aleksandra"]
[Black "Tsolakidou, Stavroula"]
[Result "1-0"]
[BlackTitle "IM"]
[WhiteElo "2234"]
[BlackElo "2393"]
[WhiteFideId "24174041"]
[BlackFideId "4264312"]
[EventDate "2018.09.05"]

1. d4 Nf6 2. c4 e6 3. Nf3 c5 4. e3 a6 5. Nc3 d5 6. cxd5 exd5 7. Bd3 Nc6 8. O-O
Bg4 9. h3 Bh5 10. Be2 Bd6 11. dxc5 Bxc5 12. b3 O-O 13. Bb2 Ba7 14. Nd4 Bxd4 15.
Bxh5 Be5 16. Bf3 Qd6 17. Rb1 Rfd8 18. Ne2 Rac8 19. Nd4 Ne7 20. Qe2 Ng6 21. Rfd1
Re8 22. Rd2 Rcd8 23. Rbd1 Nh4 24. Kh1 Qd7 25. Bg4 Qe7 26. Bf3 Qd7 27. Bg4 Qe7
28. Bf3 g6 29. Qd3 Qd7 30. Qf1 h5 31. Ne2 Bxb2 32. Rxb2 Nxf3 33. gxf3 Qf5 34.
Qg2 Rc8 35. Rbd2 Rc5 36. Nf4 Rec8 37. Qg3 Rc1 38. Ne2 Rxd1+ 39. Rxd1 h4 40. Qg2
Kg7 41. Nd4 Qh5 42. Rg1 Rc3 43. Qh2 Rd3 44. Qf4 Nh7 45. Nf5+ Kg8 46. Nh6+ Kg7
47. Nxf7 Rd2 48. Ne5 g5 49. Qb4 Rxf2 50. Qxb7+ Kf8 51. Rc1 Nf6 52. Rc8+ Ne8 53.
Qb4+ Kg8 54. Qe7 1-0

[Event "36th World Junior Girls"]
[Site "Manavgat TUR"]
[Date "2018.09.08"]
[Round "5.3"]
[White "Antova, Gabriela"]
[Black "Chu, Ruotong"]
[Result "1-0"]
[WhiteTitle "FM"]
[BlackTitle "WIM"]
[WhiteElo "2292"]
[BlackElo "2199"]
[WhiteFideId "2915235"]
[BlackFideId "8605653"]
[EventDate "2018.09.05"]

1. d4 d5 2. Nf3 Nf6 3. c4 dxc4 4. Nc3 Bg4 5. Ne5 Bh5 6. f3 Nbd7 7. Nxc4 Nb6 8.
Ne5 Nfd5 9. e4 Nxc3 10. bxc3 Nd7 11. Nd3 e6 12. Nf4 Bd6 13. e5 Nxe5 14. dxe5
Bxe5 15. Qxd8+ Rxd8 16. Ne2 O-O 17. Bf4 Bf6 18. Bxc7 Rc8 19. Bd6 Rfd8 20. Rd1
Bxc3+ 21. Nxc3 Rxc3 22. Bb4 Rxd1+ 23. Kxd1 Rxf3 24. Ke1 Rf4 25. a3 b6 26. Bd3
Rd4 27. Bc2 Rd5 28. Bc3 Rg5 29. Be4 Rg4 30. Bb7 Ra4 31. Bb4 b5 32. Bc6 Ra6 33.
Bxb5 Rb6 34. a4 a6 35. Bc5 Rb7 36. Bd3 Rb2 37. Rf1 Ra2 38. Rf4 g5 39. Rb4 a5 40.
Rb8+ Kg7 41. Bd4+ f6 42. Rb7+ Bf7 43. Bb5 Kg6 44. Kf1 Ra3 45. Bb2 Rb3 46. Bc1 f5
47. Bd2 Rb1+ 48. Ke2 Rb2 49. Ra7 e5 50. g4 f4 51. Bd3+ Kf6 52. Ra6+ Ke7 53. Rxa5
Kd6 54. Rb5 Ra2 55. Rb4 Bd5 56. a5 Kc5 57. Rb5+ Kd4 58. Rb4+ Kc5 59. Rb8 e4 60.
Bb1 Ra4 61. Rc8+ Kd6 62. Bc2 Ra1 63. Bb4+ Kd7 64. Rc5 Ke6 65. Rc8 Kd7 66. Rh8
Ra2 67. Kd1 e3 68. Rxh7+ Kc6 69. Re7 f3 70. Rxe3 f2 71. Bd3 Ra1+ 72. Kd2 f1=Q
73. Bxf1 Rxf1 74. Be7 Rh1 75. Rh3 Rg1 76. Rh6+ Kb5 77. h3 Kxa5 78. Bxg5 Kb5 79.
Bf6 Kc5 80. g5 Rg2+ 81. Ke3 Kd6 82. Bd4+ Ke7 83. h4 Bf7 84. Bc5+ Ke8 85. Kf4 Rh2
86. Ke5 Rc2 87. Rh8+ Kd7 88. Kf6 Bd5 89. Bd4 Rd2 90. Bc3 Rd3 91. Ba1 Rf3+ 92.
Kg7 Rf5 93. Bf6 Bc6 94. h5 Ke6 95. Rc8 Be4 96. Re8+ Kd5 97. h6 1-0

[Event "36th World Junior Girls"]
[Site "Manavgat TUR"]
[Date "2018.09.08"]
[Round "5.4"]
[White "Altantuya, Boldbaatar"]
[Black "Assaubayeva, Bibisara"]
[Result "0-1"]
[WhiteTitle "WFM"]
[BlackTitle "FM"]
[WhiteElo "2210"]
[BlackElo "2371"]
[WhiteFideId "4902785"]
[BlackFideId "13708694"]
[EventDate "2018.09.05"]

1. d4 Nf6 2. c4 g6 3. Nc3 Bg7 4. Nf3 O-O 5. g3 d6 6. Bg2 Nc6 7. O-O a6 8. h3 Rb8
9. e4 b5 10. e5 dxe5 11. dxe5 Nd7 12. e6 fxe6 13. cxb5 axb5 14. Qe2 Nde5 15.
Nxe5 Nxe5 16. Bf4 Nd3 17. Bxc7 Qxc7 18. Qxd3 b4 19. Ne4 Bxb2 20. Rab1 Ba3 21.
Qe3 Qe5 22. Rfe1 Ba6 23. Qh6 Rfc8 24. Ng5 Qg7 25. Qxg7+ Kxg7 26. Nxe6+ Kh8 27.
Bd5 Bd3 28. Rb3 Rc3 29. Nd4 Rd8 30. Re5 Rc1+ 31. Kh2 Rc3 32. Nc6 Rd7 33. Nxe7
Bc2 34. Rxc3 bxc3 35. Nc6 Bd1 36. Re8+ Kg7 37. Rg8+ Kh6 38. Be4 c2 39. Bxc2 Bxc2
40. Ne5 Rd2 41. Nf7+ Kh5 42. Rg7 h6 43. Rh7 Bf8 44. Kg1 Be4 0-1

[Event "36th World Junior Girls"]
[Site "Manavgat TUR"]
[Date "2018.09.08"]
[Round "5.7"]
[White "Gorti, Akshita"]
[Black "Mahalakshmi, M"]
[Result "1/2-1/2"]
[WhiteTitle "FM"]
[BlackTitle "WIM"]
[WhiteElo "2315"]
[BlackElo "2213"]
[WhiteFideId "2072505"]
[BlackFideId "5001080"]
[EventDate "2018.09.05"]

1. d4 Nf6 2. Nf3 e6 3. e3 b6 4. Bd3 Bb7 5. O-O d5 6. c4 Bd6 7. b3 O-O 8. Nc3
Nbd7 9. Bb2 a6 10. Rc1 Qe7 11. Na4 dxc4 12. bxc4 Rad8 13. Ne5 Bxe5 14. dxe5 Ne4
15. Qc2 Qh4 16. Bd4 Nec5 17. Bxc5 Nxc5 18. Nxc5 bxc5 19. f4 Rd7 20. Rcd1 Rfd8
21. Be2 g6 22. Rxd7 Rxd7 23. Rd1 Be4 24. Qa4 Rd2 25. Rxd2 Qe1+ 26. Bf1 Qxd2 27.
Qa3 Qe1 28. Qb3 Kg7 29. a3 a5 30. a4 h5 31. Qa3 Bc2 32. h3 h4 33. Qxc5 Bd3 34.
Qe7 Bxf1 35. Qf6+ Kg8 36. Qd8+ Kg7 37. Qf6+ Kg8 38. Qd8+ Kh7 39. Qf6 Bxc4+ 40.
Kh2 Qg3+ 41. Kh1 Kg8 42. Qd8+ Kh7 43. Qf6 Qe1+ 44. Kh2 Qb4 45. Qxf7+ Kh8 46.
Qf6+ Kg8 47. Qxg6+ Kf8 48. Qh7 Qxa4 49. Qxc7 Bd5 50. Qd8+ Qe8 51. Qxa5 Qg6 52.
Qd2 Qg3+ 53. Kg1 Kg7 54. Qe2 Be4 55. Qd2 Kh6 56. Qe2 Kg7 57. Qd2 Kh6 58. Qe2 1/2-1/2

[Event "36th World Junior Girls"]
[Site "Manavgat TUR"]
[Date "2018.09.08"]
[Round "5.8"]
[White "Alinasab, Mobina"]
[Black "Song, Yuxin"]
[Result "1/2-1/2"]
[WhiteTitle "WIM"]
[BlackTitle "WCM"]
[WhiteElo "2261"]
[BlackElo "2156"]
[WhiteFideId "12528897"]
[BlackFideId "8614300"]
[EventDate "2018.09.05"]

1. e4 c5 2. Nf3 d6 3. d4 cxd4 4. Nxd4 Nf6 5. Nc3 a6 6. h3 e5 7. Nde2 h5 8. Bg5
Be6 9. Qd2 Nbd7 10. Ng3 Qc7 11. Be2 b5 12. a3 Qb7 13. Bf3 g6 14. Nf1 Nh7 15. Be3
Nhf6 16. Bg5 Nh7 17. Be3 Nhf6 18. g3 Nc5 19. Bxc5 dxc5 20. Ne3 Bh6 21. Qe2 O-O-O
22. Bg2 h4 23. g4 Rd6 24. O-O Rhd8 25. Rad1 Rxd1 26. Rxd1 Rxd1+ 27. Qxd1 Qd7 28.
Ncd5 Bxd5 29. Nxd5 Nxd5 30. exd5 Kc7 31. Qe1 Qd6 32. Qa5+ Kb7 33. c4 bxc4 34.
Qa4 Kc7 35. Qxc4 Kd8 36. Qa4 Bd2 37. Qb3 Kc7 38. Qc2 Bf4 39. Qc4 Kd8 40. Bf1 Ke7
41. Bd3 Qb6 42. Qa4 a5 43. Bb5 Bc1 44. b3 Bxa3 45. d6+ Kxd6 46. Be8 Qd8 47. Bxf7
Bb4 48. Bxg6 Kc7 49. Be4 Qd7 50. Qa2 Qd2 51. Qb1 Qe1+ 52. Qxe1 Bxe1 53. Kf1 Bd2
54. Ke2 Bf4 55. Kd3 Kd6 56. Ba8 Ke6 57. Ke4 Bc1 58. Bd5+ Kf6 59. Bc4 Bd2 60. Kd5
Bb4 61. Kd6 e4 62. Kd5 Be1 63. Kxe4 Bxf2 64. Kf3 Bg3 65. Ke4 Kg5 66. Be2 Be1 67.
Bc4 1/2-1/2

[Event "36th World Junior Girls"]
[Site "Manavgat TUR"]
[Date "2018.09.08"]
[Round "5.9"]
[White "Haussernot, Cecile"]
[Black "Nurgali, Nazerke"]
[Result "1-0"]
[WhiteTitle "WIM"]
[BlackTitle "WFM"]
[WhiteElo "2237"]
[BlackElo "2080"]
[WhiteFideId "601632"]
[BlackFideId "13711261"]
[EventDate "2018.09.05"]

1. e4 c6 2. d4 d5 3. exd5 cxd5 4. Bd3 Nc6 5. c3 Nf6 6. Bf4 g6 7. Nf3 Bg7 8. O-O
O-O 9. h3 a6 10. Nbd2 Re8 11. Re1 Nd7 12. Ne5 Ncxe5 13. dxe5 Nc5 14. Nf3 b5 15.
Nd4 Bd7 16. Bc2 e6 17. Qd2 Qc7 18. Qe3 Nb7 19. Bh6 Bh8 20. Bg5 Na5 21. Bf6 Bg7
22. h4 Nc4 23. Qg5 h6 24. Qf4 Bxf6 25. Qxf6 Qd8 26. Qf4 Kg7 27. b3 Nb6 28. Re3
Qe7 29. Rf3 Rf8 30. Re1 Rac8 31. Qe3 Na8 32. Ne2 b4 33. Rf6 Rg8 34. Rd1 Bb5 35.
c4 dxc4 36. Nf4 Be8 37. h5 cxb3 38. hxg6 fxg6 39. Rxe6 Qb7 40. Be4 Qb5 41. Nh5+ 1-0

[Event "36th World Junior Girls"]
[Site "Manavgat TUR"]
[Date "2018.09.08"]
[Round "5.11"]
[White "Tokhirjonova, Gulrukhbegim"]
[Black "Varshini, V"]
[Result "1-0"]
[WhiteTitle "WGM"]
[BlackTitle "WIM"]
[WhiteElo "2369"]
[BlackElo "2173"]
[WhiteFideId "14203626"]
[BlackFideId "5091241"]
[EventDate "2018.09.05"]

1. e4 c5 2. Nf3 d6 3. d4 cxd4 4. Nxd4 Nf6 5. Nc3 a6 6. h3 e6 7. g4 Be7 8. g5
Nfd7 9. Be3 Nc6 10. h4 Qc7 11. h5 Nce5 12. f4 Nc4 13. Bxc4 Qxc4 14. Qf3 b5 15.
O-O-O Bb7 16. g6 O-O-O 17. gxf7 b4 18. Nb1 Qxa2 19. Nb3 Bf6 20. Bd4 e5 21. fxe5
dxe5 22. Ba7 Rhf8 23. Qe2 Qa4 24. N1d2 Bg5 25. Kb1 Bxd2 26. Nxd2 Qc6 27. Nc4 Nf6
28. Rxd8+ Rxd8 29. Rd1 Rf8 30. Qd3 Nxe4 31. Qh3+ Kc7 32. Nxe5 Bc8 33. Qd3 Nc5
34. Qc4 1-0

[Event "36th World Junior Girls"]
[Site "Manavgat TUR"]
[Date "2018.09.08"]
[Round "5.13"]
[White "Chitlange, Sakshi"]
[Black "Meenal, Gupta"]
[Result "1/2-1/2"]
[WhiteTitle "WIM"]
[WhiteElo "2279"]
[BlackElo "1963"]
[WhiteFideId "35002899"]
[BlackFideId "25070479"]
[EventDate "2018.09.05"]

1. d4 Nf6 2. c4 e6 3. Nf3 Bb4+ 4. Bd2 Qe7 5. g3 b6 6. Bg2 Bb7 7. O-O Bxd2 8.
Qxd2 d6 9. Rd1 Nbd7 10. Nc3 Ne4 11. Nxe4 Bxe4 12. Rac1 a5 13. Qe3 Bb7 14. b3 O-O
15. a3 Rfe8 16. Bh3 Bxf3 17. Qxf3 Ra7 18. Qe3 Rb8 19. Bg2 c5 20. Bc6 Rc7 21. Bb5
Nf6 22. Qd2 cxd4 23. Qxd4 d5 24. a4 e5 25. Qh4 d4 26. Rd3 Nd5 27. Qxe7 Nxe7 28.
Rcd1 g6 29. e3 dxe3 30. fxe3 Kg7 31. Kf2 h5 32. Kf3 Nf5 33. Rd8 Rxd8 34. Rxd8
e4+ 35. Ke2 Rb7 36. Bc6 Re7 37. Rb8 Re6 38. Bd5 Rd6 39. Bxe4 Ne7 40. Rb7 Kf6 41.
Rc7 Re6 42. Bd5 Nxd5 43. cxd5 Rd6 44. Rb7 Ke5 45. Rxf7 Kxd5 46. Rf4 Ke5 47. h4
b5 48. g4 Rb6 49. g5 bxa4 50. bxa4 Rb2+ 51. Kf3 Ra2 52. Rc4 Kd5 53. Rd4+ Ke5 54.
Rf4 Ra3 55. Re4+ Kd6 56. Kf4 Ra1 57. Rd4+ Ke6 58. Ke4 Rc1 59. Kd3 Kf5 60. Rc4
Ra1 61. Kd4 Re1 62. Kc5 Rxe3 63. Kb6 Re5 64. Rd4 Ke6 65. Rf4 Kd7 66. Rf7+ Ke8
67. Rf6 Re4 68. Kxa5 Rxh4 69. Rxg6 Rg4 70. Kb5 Kf7 71. Rf6+ Ke7 72. Rf5 h4 73.
g6 Rxg6 74. Rh5 Kd7 75. a5 Kc7 76. Rh7+ Kb8 77. Rxh4 Rg5+ 78. Kc6 Rg6+ 79. Kb5
Rg5+ 80. Kb4 Kb7 81. Rf4 Rh5 82. Rf7+ Ka6 83. Rf6+ Ka7 84. Rc6 Kb7 85. Rf6 Ka7
86. Rg6 Kb7 87. Ka4 Rh4+ 88. Kb5 Rh5+ 89. Kb4 Rh4+ 90. Kb3 Ka7 91. Ka3 Kb7 92.
Rb6+ Ka7 93. Rb4 Rxb4 94. Kxb4 Ka6 95. Ka4 1/2-1/2

[Event "36th World Junior Girls"]
[Site "Manavgat TUR"]
[Date "2018.09.08"]
[Round "5.14"]
[White "Santeramo, Alessia"]
[Black "Sieber, Fiona"]
[Result "0-1"]
[WhiteTitle "WFM"]
[BlackTitle "WIM"]
[WhiteElo "2124"]
[BlackElo "2277"]
[WhiteFideId "850810"]
[BlackFideId "12902373"]
[EventDate "2018.09.05"]

1. d4 Nf6 2. Bg5 Ne4 3. h4 c5 4. d5 Qb6 5. Nd2 Nxg5 6. hxg5 Qxb2 7. Rb1 Qe5 8.
e4 g6 9. Ngf3 Qg7 10. e5 d6 11. Bb5+ Kd8 12. Nc4 Kc7 13. Qd2 b6 14. a4 h6 15. a5
hxg5 16. Rxh8 Qxh8 17. Kf1 g4 18. Ng1 Bd7 19. Qc3 Bg7 20. Qa3 Bxb5 21. Rxb5 Nd7
22. Qa4 Nxe5 23. Nxe5 Bxe5 24. Rxb6 Qe8 25. Rc6+ Kd8 26. Qxg4 Qd7 27. Qh4 Qb7
28. g3 Qb1+ 29. Kg2 Qxc2 30. Nf3 Qd3 31. Rxd6+ Bxd6 32. Qh8+ Kc7 33. Qxa8 Qa6
34. Qe8 f6 35. Qa4 Qb7 36. Qc4 a6 37. Nd4 Qb4 38. Ne6+ Kb7 39. Qc2 Qxa5 40. Qxg6
Qd2 41. Nd8+ Kb6 42. Qg8 c4 43. Qe6 c3 44. Nf7 c2 45. Nxd6 exd6 46. Qxd6+ Kb5
47. Qc6+ Kb4 48. Qb6+ Kc4 49. Qxa6+ Kb3 50. Qb5+ Qb4 51. Qd3+ Qc3 52. Qb5+ Ka2
53. Qa4+ Kb2 54. Qb5+ Qb3 55. Qe2 Qxd5+ 56. f3 Kb1 0-1

[Event "36th World Junior Girls"]
[Site "Manavgat TUR"]
[Date "2018.09.08"]
[Round "5.16"]
[White "Ghukasyan, Siranush"]
[Black "Serikbay, Assel"]
[Result "1-0"]
[WhiteTitle "WIM"]
[BlackTitle "WFM"]
[WhiteElo "2205"]
[BlackElo "2125"]
[WhiteFideId "13300946"]
[BlackFideId "13706799"]
[EventDate "2018.09.05"]

1. e4 c5 2. Nf3 e6 3. d4 cxd4 4. Nxd4 a6 5. c4 Nf6 6. Nc3 Qc7 7. Be2 Bb4 8. Qc2
O-O 9. O-O b6 10. Bg5 Be7 11. Qd2 d6 12. Rac1 Bb7 13. f3 Nbd7 14. Rfd1 Rac8 15.
a3 Qb8 16. b4 Bd8 17. Nb3 Bc7 18. Bf4 Ne5 19. Bxe5 dxe5 20. Qe3 Rcd8 21. Rxd8
Rxd8 22. Rd1 Rxd1+ 23. Bxd1 Qd8 24. Be2 Nh5 25. Qd3 Qxd3 26. Bxd3 Nf4 27. Bf1
Kf8 28. Kf2 Ke7 29. c5 f5 30. b5 axb5 31. Nxb5 Kd8 32. Nxc7 Kxc7 33. Ke3 Bc6 34.
g3 Ng6 35. Bc4 Nf8 36. h4 g6 37. cxb6+ Kxb6 38. g4 h6 39. Bd3 f4+ 40. Kd2 Bb5
41. Nc1 Nd7 42. Kc3 Ba4 43. Bc2 Ka5 44. Nd3 Bb5 45. Bb3 g5 46. hxg5 hxg5 47. Bc4
Bxc4 48. Kxc4 Kb6 49. a4 Ka5 50. Kb3 Nb6 51. Nc5 Nc8 52. Nxe6 Nb6 53. Nxg5 Nxa4
54. Nf7 Kb5 55. Nd6+ Ka5 56. g5 1-0

[Event "36th World Junior Girls"]
[Site "Manavgat TUR"]
[Date "2018.09.08"]
[Round "5.17"]
[White "Ivana Maria, Furtado"]
[Black "Beydullayeva, Govhar"]
[Result "1/2-1/2"]
[WhiteTitle "WIM"]
[BlackTitle "WFM"]
[WhiteElo "2144"]
[BlackElo "2202"]
[WhiteFideId "5048400"]
[BlackFideId "13413015"]
[EventDate "2018.09.05"]

1. d4 d5 2. Nf3 Nf6 3. g3 Bf5 4. c4 c6 5. Bg2 e6 6. O-O h6 7. Nc3 Be7 8. Qb3 Qb6
9. c5 Qa6 10. Bf4 O-O 11. Rfc1 b6 12. Na4 Nbd7 13. Qd1 bxc5 14. Nxc5 Nxc5 15.
dxc5 Nd7 16. b4 Bf6 17. Nd4 Bxd4 18. Qxd4 Qxe2 19. Bd6 Rfe8 20. Bf1 Qh5 21. b5
Be4 22. Re1 e5 23. Qd1 Bf3 24. Qa4 cxb5 25. Bxb5 Nf6 26. Qh4 Qxh4 27. gxh4 Ne4
28. Bxe8 Rxe8 29. Re3 Bg4 30. f3 Nxd6 31. cxd6 Bf5 32. Rd1 Be6 33. Rxe5 Rd8 34.
Re3 Rxd6 35. Ra3 a6 36. Rd4 Kf8 37. Rda4 Bc8 38. Rc3 Bd7 39. Rd4 Ke7 40. Kf2 Be6
41. a3 Kf6 42. Ke3 Bd7 43. Rc5 Ke6 44. Rb4 Bb5 45. Kd4 Rd7 46. a4 1/2-1/2

[Event "36th World Junior Girls"]
[Site "Manavgat TUR"]
[Date "2018.09.08"]
[Round "5.18"]
[White "Georgescu, Lena"]
[Black "De Silva, Tenara"]
[Result "1/2-1/2"]
[WhiteTitle "WFM"]
[WhiteElo "2195"]
[BlackElo "1764"]
[WhiteFideId "1331973"]
[BlackFideId "9942270"]
[EventDate "2018.09.05"]

1. e4 d6 2. d4 g6 3. Nc3 Bg7 4. f4 Nf6 5. Nf3 O-O 6. Bd3 Nc6 7. e5 dxe5 8. dxe5
Nd5 9. O-O Nxc3 10. bxc3 Qd5 11. Be3 Na5 12. Qe2 Bg4 13. h3 Bxf3 14. Qxf3 Qxf3
15. Rxf3 b6 16. Re1 Rad8 17. Bf2 c5 18. c4 f6 19. Bh4 e6 20. Rfe3 Rde8 21. exf6
Bxf6 22. Bf2 Bc3 23. R1e2 Bd4 24. Rxe6 Rxe6 25. Rxe6 Rxf4 26. Bxd4 Rxd4 27. Re7
Nxc4 28. Rxa7 Nb2 29. Bb5 Rd1+ 30. Kh2 Rc1 31. Rb7 Rxc2 32. Rxb6 Nc4 33. Rb8+
Kg7 34. Rb7+ Kh6 35. Bxc4 Rxc4 36. Rc7 Ra4 37. Rxc5 Rxa2 38. Rb5 1/2-1/2

[Event "36th World Junior Girls"]
[Site "Manavgat TUR"]
[Date "2018.09.08"]
[Round "5.20"]
[White "Hu, Yu A."]
[Black "Zhu, Jiner"]
[Result "0-1"]
[BlackTitle "WIM"]
[WhiteElo "2009"]
[BlackElo "2364"]
[WhiteFideId "8609993"]
[BlackFideId "8608059"]
[EventDate "2018.09.05"]

1. e4 e5 2. Nf3 Nc6 3. Bb5 g6 4. c3 a6 5. Ba4 d6 6. O-O Bg7 7. d4 Bd7 8. Re1 Nf6
9. Nbd2 O-O 10. h3 Re8 11. Bc2 Qe7 12. Nf1 Qf8 13. Ng3 a5 14. b3 Rad8 15. Ba3
exd4 16. cxd4 Nb4 17. Bxb4 axb4 18. Qd2 c5 19. Rad1 Bc6 20. Bd3 Re7 21. Qc2 b6
22. e5 dxe5 23. Nxe5 Qe8 24. Re2 Bb7 25. Rde1 Nd5 26. Nf3 Rxe2 27. Rxe2 Qd7 28.
Rd2 cxd4 29. Ne2 Nc3 30. Ne1 Bh6 31. f4 Nxe2+ 32. Rxe2 Bxf4 33. Qc4 Be3+ 34. Kh2 0-1

[Event "36th World Junior Girls"]
[Site "Manavgat TUR"]
[Date "2018.09.08"]
[Round "5.21"]
[White "Nomin-Erdene, Davaademberel"]
[Black "Lingur, Zalina"]
[Result "1-0"]
[WhiteTitle "IM"]
[BlackTitle "WFM"]
[WhiteElo "2377"]
[BlackElo "2061"]
[WhiteFideId "4900782"]
[BlackFideId "34165670"]
[EventDate "2018.09.05"]

1. e4 e6 2. d4 d5 3. Nc3 Nf6 4. e5 Nfd7 5. f4 c5 6. Nf3 Nc6 7. Be3 cxd4 8. Nxd4
Bc5 9. Qd2 O-O 10. Be2 Ndxe5 11. Nxc6 Bxe3 12. Nxd8 Bxd2+ 13. Kxd2 Ng6 14. Nxf7
Rxf7 15. g3 e5 16. fxe5 Nxe5 17. Raf1 Bh3 18. Rxf7 Kxf7 19. Rd1 Be6 20. Nb5 Rd8
21. Nxa7 Ra8 22. Nb5 Rxa2 23. Kc3 Nc6 24. Rb1 Ra5 25. Nd6+ Ke7 26. Nxb7 d4+ 27.
Kd2 Rf5 28. Re1 Rf2 29. Kc1 Ne5 30. h4 Bd5 31. Bd1 Kf6 32. Nc5 Rg2 33. Rf1+ Ke7
34. Rf4 Rg1 35. Rxd4 Bf3 36. Ne4 Ng4 37. Ng5 Bxd1 38. Rxd1 Rxg3 39. b4 Rg2 40.
Rd2 Rg1+ 41. Kb2 Nf6 42. Nf3 Rg3 43. Nd4 Rg4 44. Nc6+ Ke6 45. b5 Nd5 46. Nd4+
Ke5 47. c3 Nb6 48. Kb3 h6 49. Re2+ Kd5 50. Re7 Rxh4 51. Rxg7 Rh1 52. Kb4 Ra1 53.
Rb7 Rb1+ 54. Nb3 Nc4 55. Rd7+ Ke6 56. Rd4 Nd6 57. c4 Nf5 58. Rd3 h5 59. b6 Nd6
60. c5 Ne8 61. Re3+ Kd7 62. Rxe8 1-0